مجموعة إجتهادات الهيئة العامة لمحكمة التمييز الأردنية في القضايا الحقوقية: المجموعة الكاملة لإجتهادات الهيئة العامة الصادرة في العقد الأخير مبوبة ومفهرسة بصورة مرجعية (Record no. 23741)
[ view plain ]
| 000 -LEADER | |
|---|---|
| fixed length control field | 01001nam a2200205Ii 4500 |
| 003 - CONTROL NUMBER IDENTIFIER | |
| control field | JO-AjNU |
| 008 - FIXED-LENGTH DATA ELEMENTS--GENERAL INFORMATION | |
| fixed length control field | 230605s9999||||xx |||||||||||||| ||und|| |
| 017 ## - COPYRIGHT OR LEGAL DEPOSIT NUMBER | |
| Copyright or legal deposit number | 1996/11/1514 |
| 040 ## - CATALOGING SOURCE | |
| Original cataloging agency | JO-AjNU |
| Language of cataloging | ara |
| Description conventions | rda |
| Transcribing agency | JO-AjNU |
| 041 ## - LANGUAGE CODE | |
| Language code of text/sound track or separate title | ara |
| 050 14 - LIBRARY OF CONGRESS CALL NUMBER | |
| Classification number | KMM158.2.M3232 1996 |
| 100 3# - MAIN ENTRY--PERSONAL NAME | |
| Personal name | مدغمش، جمال, |
| Relator term | author |
| 9 (RLIN) | 46383 |
| 245 00 - TITLE STATEMENT | |
| Title | مجموعة إجتهادات الهيئة العامة لمحكمة التمييز الأردنية في القضايا الحقوقية: المجموعة الكاملة لإجتهادات الهيئة العامة الصادرة في العقد الأخير مبوبة ومفهرسة بصورة مرجعية |
| 264 31 - PRODUCTION, PUBLICATION, DISTRIBUTION, MANUFACTURE, AND COPYRIGHT NOTICE | |
| Place of production, publication, distribution, manufacture | عمان: د.ن، 1996 |
| 300 ## - PHYSICAL DESCRIPTION | |
| Extent | لا يوجد عدد صفحات |
| Other physical details | يشتمل على فهارس |
| 336 ## - CONTENT TYPE | |
| Content type term | text |
| Content type code | txt |
| Source | rdacontent |
| 337 ## - MEDIA TYPE | |
| Media type term | unmediated |
| Media type code | n |
| Source | rdamedia |
| 338 ## - CARRIER TYPE | |
| Carrier type term | volume |
| Carrier type code | nc |
| Source | rdacarrier |
| 650 #4 - SUBJECT ADDED ENTRY--TOPICAL TERM | |
| Topical term or geographic name entry element | المحاكم - قوانين وتشريعات - الاردن - قانون مدني - الاردن |
| 9 (RLIN) | 46384 |
| Withdrawn status | Lost status | Source of classification or shelving scheme | Damaged status | Not for loan | Home library | Current library | Shelving location | Date acquired | Total Checkouts | Full call number | Barcode | Date last seen | Price effective from | Koha item type |
|---|---|---|---|---|---|---|---|---|---|---|---|---|---|---|
| Library of Congress Classification | مكتبة جامعة عجلون الوطنية | مكتبة جامعة عجلون الوطنية | المجموعات العامة | 06/06/2023 | KMM158.2.M3232 1996 | A20173 | 06/06/2023 | 06/06/2023 | Books |